<?xml version="1.0" encoding="UTF-8"?>
<collection xmlns="http://www.loc.gov/MARC21/slim">
    <record>
        <controlfield tag="001">64525</controlfield>
        <controlfield tag="005">20180228102248.0</controlfield>
        <datafield tag="024" ind1="8" ind2=" ">
            <subfield code="2">sideral</subfield>
            <subfield code="a">104075</subfield>
        </datafield>
        <datafield tag="037" ind1=" " ind2=" ">
            <subfield code="a">ART-2017-104075</subfield>
        </datafield>
        <datafield tag="041" ind1=" " ind2=" ">
            <subfield code="a">spa</subfield>
        </datafield>
        <datafield tag="100" ind1=" " ind2=" ">
            <subfield code="0">(orcid)0000-0001-5049-166X</subfield>
            <subfield code="a">Hernando Sebastián, Pedro Luis</subfield>
            <subfield code="u">Universidad de Zaragoza</subfield>
        </datafield>
        <datafield tag="245" ind1=" " ind2=" ">
            <subfield code="a">Las grisallas de la ermita del calvario de Bordón y su contexto artístico</subfield>
        </datafield>
        <datafield tag="260" ind1=" " ind2=" ">
            <subfield code="c">2017</subfield>
        </datafield>
        <datafield tag="506" ind1="0" ind2=" ">
            <subfield code="a">Access copy available to the general public</subfield>
            <subfield code="f">Unrestricted</subfield>
        </datafield>
        <datafield tag="520" ind1="3" ind2=" ">
            <subfield code="a">La comarca del Maestrazgo se encuentra salpicada de ermitas, santuarios y lugares de devoción que todavía son prácticamente desconocidos. Este es el caso de los espacios con conjuntos de pintura mural: los recientemente descubiertos en el convento de Agustinas de Mirambel o la cripta bajo el altar de la ermita del calvario de Bordón. En este artículo queremos poner el acento en las pinturas de Bordón con un interesante programa iconográfico en torno a la muerte de Cristo.   

Maestrazgo shire is dotted with hermitages, sanctuaries and cult places that are practically unknown nowadays. That is the case of spaces with mural paintings such as the recently discovered in the Agustinas convent in Mirambel or the crypt under the altar in the calvary hermitage in Bordón. In this article we would like to emphasize the paintings in Bordón which have a very interesting iconographic program around Christ’s death.</subfield>
        </datafield>
        <datafield tag="540" ind1=" " ind2=" ">
            <subfield code="9">info:eu-repo/semantics/openAccess</subfield>
            <subfield code="a">by</subfield>
            <subfield code="u">http://creativecommons.org/licenses/by/3.0/es/</subfield>
        </datafield>
        <datafield tag="655" ind1=" " ind2="4">
            <subfield code="a">info:eu-repo/semantics/article</subfield>
            <subfield code="v">info:eu-repo/semantics/publishedVersion</subfield>
        </datafield>
        <datafield tag="700" ind1=" " ind2=" ">
            <subfield code="a">Sanchez Jiménez, Sofía</subfield>
        </datafield>
        <datafield tag="710" ind1="2" ind2=" ">
            <subfield code="1">3007</subfield>
            <subfield code="2">465</subfield>
            <subfield code="a">Universidad de Zaragoza</subfield>
            <subfield code="b">Departamento de Historia del Arte</subfield>
            <subfield code="c">Historia del Arte</subfield>
        </datafield>
        <datafield tag="773" ind1=" " ind2=" ">
            <subfield code="g">5 (2017), 146-161</subfield>
            <subfield code="p">Ars renov</subfield>
            <subfield code="t">Ars &amp; Renovatio</subfield>
            <subfield code="x">2340-843X</subfield>
        </datafield>
        <datafield tag="856" ind1="4" ind2="1">
            <subfield code="u">http://www.artedelrenacimiento.com/miscelanea-5/160-las-grisallas-de-la-ermita-del-calvario-de-bord%C3%B3n-y-su-contexto-art%C3%ADstico.html</subfield>
            <subfield code="z">Texto completo de la revista</subfield>
        </datafield>
        <datafield tag="856" ind1="4" ind2=" ">
            <subfield code="s">1923508</subfield>
            <subfield code="u">http://zaguan.unizar.es/record/64525/files/texto_completo.pdf</subfield>
            <subfield code="y">Versión publicada</subfield>
        </datafield>
        <datafield tag="856" ind1="4" ind2=" ">
            <subfield code="s">76793</subfield>
            <subfield code="u">http://zaguan.unizar.es/record/64525/files/texto_completo.jpg?subformat=icon</subfield>
            <subfield code="x">icon</subfield>
            <subfield code="y">Versión publicada</subfield>
        </datafield>
        <datafield tag="909" ind1="C" ind2="O">
            <subfield code="o">oai:zaguan.unizar.es:64525</subfield>
            <subfield code="p">articulos</subfield>
            <subfield code="p">driver</subfield>
        </datafield>
        <datafield tag="951" ind1=" " ind2=" ">
            <subfield code="a">2018-02-28-10:17:25</subfield>
        </datafield>
        <datafield tag="980" ind1=" " ind2=" ">
            <subfield code="a">ARTICLE</subfield>
        </datafield>
    </record>

    
</collection>